La Gran revolución de octubre y la lucha de liberación de los pueblos
Guardado en:
| 格式: | Texto |
|---|---|
| 出版: |
La Habana:
Editora Política
|
| 標簽: |
添加標簽
沒有標簽, 成為第一個標記此記錄!
|
MARC
| LEADER | 00000 a a2200000 04500 | ||
|---|---|---|---|
| 001 | 23860 | ||
| 003 | |||
| 040 | |||
| 090 | |a 168900 | ||
| 245 | |a La Gran revolución de octubre y la lucha de liberación de los pueblos | ||
| 260 | |a La Habana: |b Editora Política | ||
| 300 | |a 491 p | ||
| 999 | |c 8848 |d 8848 | ||
